000 01094nam a22003137a 4500
999 _c541
_d541
001 003096
003 CoMeUDC003096
005 20181218181429.0
008 130821s2012 ck gr spa
020 _a9789587119411
040 _aCO-BoUCM
_bspa
_cCoMeUDC
041 0 0 _aspa
082 0 4 _a346.0434
_220
_bS127c
100 1 _aSáenz Fonseca, Luz Amanda
_930254
245 1 3 _aEl contrato de arrendamiento y el proceso de restitución del inmueble /
_cLuz Amanda Sáenz Fonseca, Mauel Enrique Cabrera, Hildebrando Leal Pérez
250 _a14a ed
260 _aBogotá (Colombia) :
_bLeyer,
_c2012.
300 _axiv, 432 páginas
500 _aIncluye índice alfabético de materias
650 7 _aAlquileres
_xLegislación
_98871
650 7 _aArrendamiento
_xLegislación
_99432
650 7 _aDerecho civil
_912711
650 7 _aDerecho comercial
_942048
650 7 _aDerecho privado
_942049
690 _aDerecho comercial
700 1 _aCabrera, Manuel Enrique
_930255
700 1 _aLeal Pérez, Hildebrando
_930256
942 _cBK
_a8
_e1
_mS127c
_2ddc
_h346.04346